| 000 | 00519nam a2200193Ia 4500 | ||
|---|---|---|---|
| 008 | 180207s9999 xx 000 0 und d | ||
| 020 | _a9780545481458 | ||
| 050 | _bK331 2013 | ||
| 100 | _aKenah, Katharine | ||
| 245 | 4 | _aThe Saturday triplets in teacher trouble! / | |
| 245 | _cby Katharine Kenah ; illustrated by Tammies Lyon. | ||
| 260 | _aNew York : | ||
| 260 | _bScholastic, | ||
| 260 | _c2013 | ||
| 300 | _aunpaged : | ||
| 300 | _bcolor illustrations ; | ||
| 300 | _c23cm. | ||
| 440 | _aLevel 1 Reader. | ||
| 999 |
_c355597 _d355597 |
||